| 000 | 00422nam a2200193Ia 4500 | ||
|---|---|---|---|
| 001 | 084212 | ||
| 003 | YMCAF | ||
| 005 | 20230512161437.0 | ||
| 008 | 100717s1993 ||||||||||||||||| ||und|d | ||
| 024 | _a84212 | ||
| 035 | _a23672 | ||
| 040 |
_aYMCAF _beng _cIN-KoLT |
||
| 041 | _aeng | ||
| 100 | _aMutreja, V K | ||
| 245 | 0 | _aPower plant familiarisation vol-II | |
| 260 |
_bNPTI _c1993 |
||
| 300 | _a97 | ||
| 942 |
_2ddc _cBK |
||
| 999 |
_c8608 _d8608 |
||